| 000 | 01761nam0a2200373 4500 | ||
|---|---|---|---|
| 001 | RU\NLR\bibl\40074 | ||
| 005 | 20260405180559.0 | ||
| 010 |
_a5-86813-124-Х _9200 |
||
| 021 |
_aRU _b99-13805 _9666 |
||
| 035 | _a(NLR Aleph) 000039081 | ||
| 090 |
_a202910 _c202910 |
||
| 100 | _a19990723d1998 |||y0rusy50 ca | ||
| 101 | 0 |
_arus _deng _eeng |
|
| 102 | _aRU | ||
| 105 | _aa ||||||||| | ||
| 200 | 1 |
_aСеверо-Атлантическое колебание и климат _dNorth-Atlantic oscillation and climate _fН.П. Смирнов, В.Н. Воробьев, С.Ю. Качанов _gМ-во общ. и проф. образования Рос. Федерации, Рос. гос. гидрометеорол. ун-т _zeng |
|
| 210 |
_aСПб. _cРГГМУ _d1998 |
||
| 215 |
_a121 с. _cил. _d20 |
||
| 300 | _aАвт. также на англ. яз.: N.P. Smirnov, V.N. Vorobyov, S.Y. Kachanov | ||
| 300 | _aРез. на англ. яз. | ||
| 320 | _aБиблиогр.: с. 110-113 | ||
| 510 | 0 |
_aNorth-Atlantic oscillation and climate _zeng |
|
| 606 | 0 |
_aКлимат _xВлияние Северо-Атлантического колебания _92100564 _3RU\NLR\auth\661270440 |
|
| 686 | _aД247.22 | ||
| 700 | 1 |
_4070 _8rus _7ca _aСмирнов _bН. П. _cд-р геогр. наук _gНиколай Павлович _3RU\NLR\auth\7731099 _914112 |
|
| 701 | 1 |
_4070 _8rus _7ca _aВоробьев _bВ. Н. _cканд. геогр. наук _gВладимир Николаевич _3RU\NLR\auth\7777532 _960460 |
|
| 701 | 1 |
_aКачанов _bС. Ю. _gСергей Юрьевич _4070 |
|
| 801 | 0 |
_aRU _bNLR _c19990723 _gPSBO |
|
| 801 | 1 |
_aRU _bNLR _c19990723 |
|
| 830 | _aав.по кн. | ||
| 852 |
_aNLR _j99-3/7708 |
||
| 942 | _cBOOK | ||
| 980 | _aNB | ||